Teatre d'aficionats (Record no. 160979)

MARC details
000 -LEADER
campo de control de longitud fija 00538nam a22001695 4500
001 - NÚMERO DE CONTROL
campo de control 160979
003 - IDENTIFICADOR DE NÚMERO DE CONTROL
campo de control ES-MaACL
005 - FECHA Y HORA DE LA ÚLTIMA TRANSACCIÓN
campo de control 20250716063318.0
008 - DATOS DE LONGITUD FIJA--INFORMACIÓN GENERAL
campo de control de longitud fija 930618s1900 sp |||| | cat d
080 ## - NÚMERO DE LA CLASIFICACIÓN DECIMAL UNIVERSAL
Número de la Clasificación Decimal Universal 849.9-2"18/19"
100 1# - ENTRADA PRINCIPAL--NOMBRE DE PERSONA
Nombre de persona Oller, Narcís,
Fechas asociadas al nombre 1846-1930
9 (RLIN) 86912
245 10 - MENCIÓN DEL TÍTULO
Título Teatre d'aficionats
Resto del título : comedias y monolechs /
Mención de responsabilidad, etc. Narcís Oller.
260 ## - PUBLICACIÓN, DISTRIBUCIÓN, ETC.
Lugar de publicación, distribución, etc. Barcelona :
Nombre del editor, distribuidor, etc. [s.n.],
Fecha de publicación, distribución, etc. 1900 (
Fabricante Fidel Giró, Impr.)
300 ## - DESCRIPCIÓN FÍSICA
Extensión XVII, 350 p. ;
Dimensiones 19 cm.
852 ## - LOCALIZACIÓN
Ubicación ES-MaACL
Número de control de estantería B-1036
Nota libre . - Enc. hol.
Holdings
Estatus retirado Estado de pérdida Estado de daño No para préstamo Colección Biblioteca de origen Biblioteca actual Ubicación en estantería Fecha de adquisición Fuente de adquisición Total de préstamos Signatura topográfica completa Código de barras Visto por última vez Precio de reemplazo Tipo de ítem Koha
        Libros del s. XIX Biblioteca del Ateneo de Madrid Biblioteca del Ateneo de Madrid Sala Pardo Bazán 17/01/2008     B-1036 1168590 23/02/2023 23/02/2023 Libro impreso antiguo